Marshal Ogarkov and the new revolution in Soviet military affairs /

Bibliographic Details
Main Author: FitzGerald, Mary C.
Corporate Author: Center for Naval Analyses
Format: Microform Book
Language:English
Published: Alexandria, Va. : Center for Naval Analyses, [1987]
Series:Research memorandum (Center for Naval Analyses) ; CRM 87-2.
Special studies series. Soviet Union. 1985-1988 supplement.
Special studies series (University Publications of America (Firm))
Subjects:

MARC

Tag First Indicator Second Indicator Subfields
LEADER 00000cam a2200000 a 4500
001 in00001852813
005 20151026073256.0
007 hd afb|||baca
008 951010s1987 vau ab f000 0 eng d
035 |a (OCoLC)33268903 
035 |9 AGV1948AM 
035 |a 1503306 
040 |a YMV  |c YMV  |d TXA  |d UtOrBLW 
049 |a TXAI 
090 |a DK274  |b .S68  |a Reel 6  |a frame 787-813 
099 |a film  |a A  |a 410.3  |a Reel 6  |a frame 787-813 
100 1 |a FitzGerald, Mary C. 
245 1 0 |a Marshal Ogarkov and the new revolution in Soviet military affairs /  |c Mary C. Fitzgerald. 
264 1 |a Alexandria, Va. :  |b Center for Naval Analyses,  |c [1987] 
300 |a iii, 25 pages 
336 |a text  |b txt  |2 rdacontent 
337 |a microform  |b h  |2 rdamedia 
338 |a microfilm reel  |b hd  |2 rdacarrier 
490 1 |a CRM ;  |v 87-2 
500 |a "January 1987." 
504 |a Includes bibliographical references (pages 17-25). 
533 |a Microfilm.  |b Frederick, Md. :  |c University Publications of America,  |d c1989.  |e on reel 6 of 10 ; 35 mm.  |f (Soviet Union special studies, 1985-1988 supplement ; 6)  |f (Foreign nations, the Special studies series). 
500 |a Microform. 
651 0 |a Soviet Union  |x Military policy. 
600 1 0 |a Ogarkov, N. V.  |q (Nikolaĭ Vasilévich),  |d 1917- 
650 0 |a Warfare, Conventional. 
710 2 |a Center for Naval Analyses. 
830 0 |a Research memorandum (Center for Naval Analyses) ;  |v CRM 87-2. 
830 0 |a Special studies series. Soviet Union. 1985-1988 supplement. 
830 0 |a Special studies series (University Publications of America (Firm)) 
999 |a MARS 
999 f f |s e564f468-ef5e-3294-9da4-bfd75f657820  |i 3ab3c5d2-68b6-3ef9-a112-45a64d04c3ac  |t 0 
952 f f |a Texas A&M University  |b College Station  |c Sterling C. Evans Library  |d Evans: Microforms Film (3rd floor)  |t 0  |e DK274 .S68 Reel 6 frame 787-813  |h Library of Congress classification 
998 f f |a DK274 .S68 Reel 6 frame 787-813  |t 0  |l Evans: Microforms Film (3rd floor)